Blink (Record no. 22117)

MARC details
000 -LEADER
fixed length control field 00666nam a22002177a 4500
003 - CONTROL NUMBER IDENTIFIER
control field IBSLLIB
005 - DATE AND TIME OF LATEST TRANSACTION
control field 20260513055058.0
008 - FIXED-LENGTH DATA ELEMENTS--GENERAL INFORMATION
fixed length control field 260513b |||||||| |||| 00| 0 eng d
020 ## - INTERNATIONAL STANDARD BOOK NUMBER
International Standard Book Number 0316057908
040 ## - CATALOGING SOURCE
Original cataloging agency IBSLLIB
Language of cataloging English
041 ## - LANGUAGE CODE
Language code of original English
082 ## - DEWEY DECIMAL CLASSIFICATION NUMBER
Classification number 153.4
Item number GLA
100 ## - MAIN ENTRY--PERSONAL NAME
Personal name Gladwell , Malcolm
245 ## - TITLE STATEMENT
Title Blink
Remainder of title The Power Of Thinking Without Thinking
260 ## - PUBLICATION, DISTRIBUTION, ETC. (IMPRINT)
Place of publication, distribution, etc. New York :
Name of publisher, distributor, etc. Back Bay Books Little , Brown And Company ,
Date of publication, distribution, etc. 2005
300 ## - PHYSICAL DESCRIPTION
Extent 292 P ;
Dimensions 17 cm
650 ## - SUBJECT ADDED ENTRY--TOPICAL TERM
Topical term or geographic name as entry element The Power Of Thinking Without Thinking
653 ## - INDEX TERM--UNCONTROLLED
Uncontrolled term The Statue That Didn't Look Right
653 ## - INDEX TERM--UNCONTROLLED
Uncontrolled term The Locked Door: The Secret Life Of Snap Decisions
942 ## - ADDED ENTRY ELEMENTS (KOHA)
Koha item type Lending Book
Holdings
Withdrawn status Lost status Damaged status Not for loan Collection code Permanent Location Current Location Shelving location Date acquired Source of acquisition Inventory number Full call number Barcode Koha item type
        Lending Collection IBSL Library IBSL Library Lending Section 30/04/2026 Donations 10915 153.4 GLA 10915 Lending Book
Copyright © 2024 IBSL Library, All rights reserved.
mail to: library@ibsl.lk | Contact: 0112425735 | Library Address: IBSL Library, 80A, Elvitigala Mawatha, Colombo 008